| 000 | 00505nam a2200193Ia 4500 | ||
|---|---|---|---|
| 001 | 62213 | ||
| 008 | 080101n2010 ii |||gr||||Z||||||465 | ||
| 020 | _a9781137606129 | ||
| 041 | _a465 | ||
| 100 |
_aCaine, Barbara, _eAuthor. |
||
| 245 | 0 |
_aBiography and History _cBarbara Caine _hTextual Documents |
|
| 250 | _aist ed. | ||
| 260 |
_aEngland _bPalgrave macmillan _c2010 |
||
| 300 |
_apg 152: _c20cm. |
||
| 653 | _aHistory | ||
| 653 | _aBiography and History | ||
| 653 | _aG- History | ||
| 942 |
_2ddc _cBK |
||
| 999 |
_c63320 _d63320 |
||